| 000 | 01073cam a22003257a 4500 | ||
|---|---|---|---|
| 003 | CHAP | ||
| 005 | 20220329141740.0 | ||
| 008 | 971013s1984 r 00010 d | ||
| 010 | _a73291 | ||
| 011 | _a74263 | ||
| 035 | _a83822 | ||
| 040 | _cCHAP | ||
| 082 |
_a501 _bG3 |
||
| 100 | 0 | 0 |
_aGarcía Ramos, Juan. _946495 |
| 245 | 0 |
_aCiencia y filosofía _b: tres ensayos |
|
| 260 |
_aMéxico, D.F. : _bAlhambra, _c1984 |
||
| 300 |
_a164 p. _b: ilus. |
||
| 590 |
_aBATCH-UPD _b10 _c20130110 _lUCH01 _h0646 |
||
| 590 |
_aBATCH-UPD _b10 _c20130410 _lUCH01 _h0330 |
||
| 590 |
_aBATCH-UPD _b10 _c20130914 _lUCH01 _h0934 |
||
| 590 |
_aCONVERSION _b10 _c20130109 _lUCH01 _h1340 |
||
| 650 | 1 | 4 |
_aCiencia _xFilosofía. _923124 |
| 700 | 0 |
_aPérez Tamayo, Ruy. _990049 |
|
| 700 | 0 |
_aViniegra, Leonardo. _9119850 |
|
| 710 | 0 |
_aSociedad Mexicana de Ciencias Fisiológicas. _9108081 |
|
| 901 | _aBK | ||
| 942 | _cLIBRO | ||
| 949 |
_a501 G3 _bBC _cLIBRO _d33724000134847 _eLIBRO _gI.c/e _h35505 _i83822 _si _t790.40 |
||
| 949 |
_a501 G3 _bBC _cLIBRO _d33724000134888 _eLIBRO _fc.2 _h65506 _i83822 _si _t790.40 |
||
| 999 |
_c73291 _d73291 |
||